Üzletfejlesztési lehetőségek egy működő hazai kisvállalkozásnál

Bibliographic Details
Main Author: Gocsman Ágota Anna
Other Authors: Békési Gábor
Format: Thesis
Kulcsszavak:Szolgáltatás
Kisvállalkozás
üzletfejlesztés
Online Access:http://dolgozattar.uni-bge.hu/23127

MARC

LEADER 00000nta a2200000 i 4500
001 dolg23127
005 20191120124023.0
008 191120suuuu hu om 000 hun d
040 |a BGE Dolgozattár Repozitórium  |b hun 
041 |a hu 
100 1 |a Gocsman Ágota Anna 
245 1 0 |a Üzletfejlesztési lehetőségek egy működő hazai kisvállalkozásnál  |c Gocsman Ágota Anna  |h [elektronikus dokumentum] 
695 |a Szolgáltatás 
695 |a Kisvállalkozás 
695 |a üzletfejlesztés 
700 1 |a Békési Gábor  |e ths 
856 4 0 |u http://dolgozattar.uni-bge.hu/23127/1/Gocsman%20%C3%81gota%20Anna%20szakdolgozat%2020191119.pdf  |z Dokumentum-elérés 
856 4 0 |u http://dolgozattar.uni-bge.hu/23127/12/Gocsman%20%C3%81gota%20Anna%20titkos%C3%ADt%C3%A1s.pdf  |z Dokumentum-elérés